Forests and people / (Record no. 151112)

MARC details
000 -LEADER
fixed length control field 00517nam a22001817a 4500
005 - DATE AND TIME OF LATEST TRANSACTION
control field 20180412115058.0
010 ## - LCCN (DPL NO)
LC control number ENG-122558
020 ## - INTERNATIONAL STANDARD BOOK NUMBER
International Standard Book Number 9788184305104
Terms of availability 700.00
035 ## - SYSTEM CONTROL NUMBER
System control number EN-106090
037 ## - SOURCE OF ACQUISITION
Source of stock number/acquisition DBAD/PUB
082 ## - DEWEY DECIMAL CLASSIFICATION NUMBER
Classification number 333.75
100 ## - MAIN ENTRY--PERSONAL NAME
Personal name Tewari, D.N.
245 ## - TITLE STATEMENT
Title Forests and people /
Statement of responsibility, etc by D.N. Tewari
260 ## - PUBLICATION, DISTRIBUTION, ETC. (IMPRINT)
Place of publication, distribution, etc New Delhi
Name of publisher, distributor, etc Ocean Books Pvt. Ltd.
Date of publication, distribution, etc 2017
270 ## - ADDRESS
Address 4/19, Asaf Ali Road,
City New Delhi
Postal code 110002
300 ## - PHYSICAL DESCRIPTION
Extent 370 p.
Dimensions 21cm.(Hb)
Other physical details ill.
942 ## - ADDED ENTRY ELEMENTS (KOHA)
Source of classification or shelving scheme Dewey Decimal Classification
Item type English Books
Call number suffix TEW
Classification part 333.75
Holdings
Withdrawn status Lost status Not for loan Collection code Home library Current library Date acquired Source of acquisition Cost, normal purchase price Full call number Barcode Copy number Cost, replacement price Koha item type
    Not For Loan Non-fiction D.B.Act.Division Central Library 12/04/2018 DBAD/PUB 700.00 333.75 TEW EN-106090 1 700.00 English Books

© Delhi Public Library
Hit Counter
free hit counter